000 00755cam a2200277 4500500
005 20260405003230.0
041 _afre
042 _adc
100 1 0 _ade Oliveira, Victorine
_eauthor
245 0 0 _aMarc Aurèle. Le dernier des stoïciens
260 _c2021.
500 _a79
690 _aChrysippe
690 _aCicéron
690 _aÉpictète
690 _aGrèce
690 _aMarc Aurèle
690 _aRome
690 _aSénèque
690 _aStoïcien
690 _aStoïciens
690 _aStoïcisme
690 _aZénon
786 0 _nPhilosophie magazine | 147 | 3 | 2021-03-01 | p. 52-55 | 1951-1787
856 4 1 _uhttps://shs.cairn.info/magazine-philosophie-magazine-2021-3-page-52?lang=fr&redirect-ssocas=7080
999 _c2065587
_d2065587